000 00427nam a22001697a 4500
003 CEME
005 20210628210453.0
008 210208b xxu||||| |||| 00| 0 eng d
040 _c.
082 _a297.64 MAH
100 _aMahmood Ahmad Ghazanfar
_979520
245 _a Gernail sahabah
260 _aLAHORE
_bMAKTABA QUDOSIA
_c1999
300 _a484P
650 _aISLAM-BIOGRAPHY-GERNAIL SAHABAH
_979521
942 _cBK
_2ddc
999 _c584553
_d584553